000 01564nam a22002897a 4500
005 20111017112414.0
010 _aB-444475-479
020 _a8182631564
_c20.00
020 _a9788182631564
_c20.00
035 _aB-444475-479
037 _aDPL
_bBlue Berry/Ven
082 _aS
100 _aOhri, Herminder
_937128
245 _aSpincy spider /
_cwritten & illustrated by Herminder Ohri;
250 _a4th
260 _aNew Delhi
_bPratham Books
_c2011
270 _a633-634,4th "C" Main,6th 'B' Cross, OMBR Layout Banaswadi,
_bBangalore
_e560043
_k911141042483 (New Delhi)
300 _a13p.
_bill.
_c22 cm.(pbk)
700 _935533
942 _2ddc
_cCH
_hS
_mOHR
999 _c57696
_d57696